G20 Summit Host Cities - Statistics

General Stats
  • This quiz has been taken 93 times
    16 since last reset
  • The average score is 14 of 21
Answer Stats
Year Country City % Correct
2013 Russia Saint Petersburg
100%
2010 South Korea Seoul
100%
2008 United States Washington D.C.
100%
2018 Argentina Buenos Aires
92%
2025 South Africa Johannesburg
92%
2021 Italy Rome
92%
2009 United Kingdom London
83%
2023 India New Delhi
83%
2024 Brazil Rio de Janeiro
83%
2010 Canada Toronto
83%
2017 Germany Hamburg
67%
2019 Japan Osaka
67%
2020 Saudi Arabia Riyadh
67%
2026 United States Miami
58%
2022 Indonesia Bali
50%
2014 Australia Brisbane
42%
2015 Turkey Antalya
33%
2009 United States Pittsburgh
33%
2012 Mexico San José del Cabo
33%
2016 China Hangzhou
25%
2011 France Cannes
17%
No matching quizzes found
Score Distribution
Percent of People with Each Score
Percentile by Number Answered
Your Score History
You have not taken this quiz since the last reset